Statistics for This is India - Pictures

Click here to take the quiz!

General Stats

  • This quiz has been taken 67 times
  • The average score is 20 of 26

Answer Stats

Answer% Correct
Bengal Tiger
98%
Chess
95%
Indian Elephant
92%
Indira Gandhi
92%
Peacock
92%
Yoga
90%
Gandhi
88%
Mango
88%
Taj Mahal
88%
Tendulkar / Cricket
88%
Mother Theresa
85%
Lotus
83%
Tea
78%
Bollywood
73%
Field Hockey
73%
Himalaya
71%
Holy Cow
71%
Zero
66%
Mumbai
64%
Delhi
59%
Golden Temple
59%
curry
58%
Banyan Tree
53%
Ganges River
53%
Lotus Temple
49%
Varanasi
47%

Score Distribution

Percentile by Number Answered

Percent of People with Each Score

Your Score History

You have not taken this quiz